Атон (Запис номер 326821)
[ съкратено ]
| 000 -Лидер | |
|---|---|
| Контролно поле с фиксирана дължина | 00826nam a2200229 4500 |
| 003 - Код на организацията, давaща контролен номер | |
| Контролно поле | BLK |
| 005 - Дата и час на последна редакция | |
| Контролно поле | 20250219104221.0 |
| 008 - Елементи от данни с фиксирана дължина | |
| fixed length control field | 181128b bu ||||| |||| 00| 0 bu d |
| 020 ## - Международен стандартен номер на книга ISBN | |
| Международен стандартен номер на книга ISBN | 978-619-7280-40-1 |
| 040 ## - Източник на каталожния запис | |
| Идентификатор на билиотеката - собственик на записа | BLK |
| 041 ## - Код за език | |
| Код за езика на текст/звукозапис или на отделно заглавие | Български |
| Код за езика КДБФ | Български |
| 080 ## - УДК | |
| Текстов определител УДК | Италианска литература |
| УДК код - определител по УДК | 821.131.1 |
| УДК - код + определител | 821.131.1-31 |
| 100 ## - Редна дума - Автор | |
| Автор | Фратини, Франческо |
| Авторска отговорност | първи автор |
| R(LIN) | 1299 |
| 139 ## - Редно поле | |
| Редна дума | Фратини, Франческо |
| Авторски знак | Фрат - Ф 81 |
| 245 ## - Сведения за заглавието | |
| Заглавие | Атон |
| Подзаглавни данни | Криминален роман |
| Редно поле (дума) | Франческо Фратини; прев. |
| 260 ## - Област на издателските данни | |
| 9 (RLIN) | 215836 |
| Място на издаване, разпространение и проч. | София |
| Име на издателя, разпространителя и проч. | Атеа Букс |
| Година на издаване | 2018 |
| 300 ## - Физическа характеристика | |
| Страници | 271 с. |
| Размери/Мащаб | 21 см |
| 380 ## - Жанр | |
| Жанр | Худож. лит. |
| 700 ## - Други автори (авторска отговорност) | |
| 9 (RLIN) | 1071 |
| Лично име | Гешева, Радея Николаева |
| Автороска отговорност (Описва отношението между автора и произведението) | прев. от итал. |
| 852 ## - Местоположение | |
| Фондова буква | Заемна - подръчен фонд |
| Систематично-азбучна сигнатура | П 850-31/Ф 81 |
| 999 ## - СИСТЕМНИ КОНТРОЛНИ НОМЕРА | |
| Koha biblionumber | 326821 |
| Koha biblioitemnumber | 326821 |
| 942 ## - АРТИКУЛИ | |
| Скрит в OPAC | Не |
| Вид на библиотечния материал | Книги |
| Koha issues (borrowed), all copies | 17 |
| 944 ## - СЪЗДАВАНЕ И РЕДАКЦИЯ на ЗАПИСА | |
| Служител, извършил регистрацията/редакцията | 30531 |
| Статус, дата на статуса | Цветелина Шанова |
| Код за отписване | Код за изгубен артикул | Източник на класификационната схема | Код за повреда | Коз за рестрикции | Код за отдаване | Артикулен № | Име на библиотеката - собственик | Име на библиотеката, в която се намира в момента | Статус (Текущо местоположение) | Дата на вписване в системата | Местоположение - отдел | Цена в лева | Инвентарен номер | Систематично азбучна сигнатура | Баркод | Цена в евро | Служебен тип на артикула |
|---|---|---|---|---|---|---|---|---|---|---|---|---|---|---|---|---|---|
| Не е изгубен | Universal Decimal Classification | Не е повреден | без рестрикции | заемане за дома | 683741 | Регионална библиотека "Любен Каравелов" Русе | Регионална библиотека "Любен Каравелов" Русе | Заемна - подръчен фонд | 2018-12-03 | Заемна - подръчен фонд | 13.50 | 120000826361 | П 850-31/Ф81 | 120000826361 | 6.90 | Книги |